[Event "Sicilia Regional-ch"]
[Site "Erice"]
[Date "2009.06.02"]
[Round "6"]
[White "Meo, Antonino"]
[Black "Salvaggio, Salvatore"]
[Result "1-0"]
[WhiteElo "1434"]
[BlackElo "1760"]
[PlyCount "119"]
[EventDate "2009.05.30"]
[EventType "swiss"]
[EventRounds "7"]
[EventCountry "ITA"]
[SourceTitle "EXT 2011"]
[Source "ChessBase"]
[SourceDate "2010.11.26"]
[SourceVersion "1"]
[SourceVersionDate "2010.11.26"]
[SourceQuality "1"]

1. e4 c5 2. Nf3 e6 3. d4 cxd4 4. Nxd4 Nf6 5. Nc3 d6 6. Bg5 Be7 7. Nf3 Nc6 8. Bc4 a6 9. Nd4 0-0 10. a4 Nxd4 11. Qxd4 Qc7 12. 0-0 b6 13. Rfd1 Rd8 14. Kh1 Bb7 15. f3 Rac8 16. Bb3 h6 17. Bh4 Bc6 18. Ra2 Kh8 19. Rda1 Ng8 20. Bxe7 Nxe7 21. Ne2 d5 22. e5 Bb7 23. c3 Nc6 24. Qe3 Nxe5 25. Bc2 Nd7 26. Qd3 g6 27. Qe3 Kg7 28. Re1 Qe5 29. Qd3 Qd6 30. Ng3 Nf6 31. Raa1 Qc5 32. Rxe6 Ne4 33. fxe4 dxe4 34. Nxe4 Qf5 35. Rd6 Bxe4 36. Qd4+ Kh7 37. Bxe4 Rxd6 38. Bxf5 Rcd8 39. Qxd6 Rxd6 40. Bc2 Rd2 41. Rc1 Kg7 42. b4 f5 43. g3 Kf6 44. a5 bxa5 45. bxa5 Rd5 46. Ra1 Kg5 47. Bd1 h5 48. h4+ Kf6 49. Be2 Rd6 50. Rb1 Ke5 51. Rb6 Rd2 52. Bxa6 Ke4 53. Bb7+ Ke3 54. a6 Kf2 55. a7 Kxg3 56. Rb1 Rh2+ 57. Kg1 Ra2 58. a8Q Rxa8 59. Bxa8 Kxh4 60. c4 1-0

[Event "Sicilia Regional-ch"]
[Site "Erice"]
[Date "2009.06.01"]
[Round "5"]
[White "Salvaggio, Salvatore"]
[Black "Ferrante, Filippo"]
[Result "0-1"]
[WhiteElo "1760"]
[BlackElo "1587"]
[PlyCount "56"]
[EventDate "2009.05.30"]
[EventType "swiss"]
[EventRounds "7"]
[EventCountry "ITA"]
[SourceTitle "EXT 2011"]
[Source "ChessBase"]
[SourceDate "2010.11.26"]
[SourceVersion "1"]
[SourceVersionDate "2010.11.26"]
[SourceQuality "1"]

1. d4 e6 2. c4 d5 3. Nc3 Nf6 4. Nf3 c6 5. Bg5 Nbd7 6. e3 Qa5 7. Nd2 dxc4 8. Bxf6 Nxf6 9. Bxc4 Bd6 10. 0-0 Qc7 11. h3 Bd7 12. e4 e5 13. d5 0-0-0 14. a3 h6 15. b4 g5 16. dxc6 Bxc6 17. Nd5 Nxd5 18. exd5 Bd7 19. Rc1 Kb8 20. Ne4 g4 21. Be2 Qb6 22. h4 f5 23. Nxd6 Qxd6 24. Qc2 f4 25. Qc5 Bf5 26. Rfd1 Rh7 27. Bc4 Rc7 28. Qa5 Rdc8 0-1

[Event "Siracusa op 2nd"]
[Site "Siracusa"]
[Date "2007.09.09"]
[Round "9"]
[White "Salvaggio, Salvatore"]
[Black "Norrito, Salvatore"]
[Result "1-0"]
[WhiteElo "1766"]
[BlackElo "1812"]
[PlyCount "93"]
[EventDate "2007.09.02"]
[EventType "swiss"]
[EventRounds "9"]
[EventCountry "ITA"]
[SourceTitle "EXT 2010"]
[Source "ChessBase"]
[SourceDate "2010.11.25"]
[SourceVersion "1"]
[SourceVersionDate "2010.11.25"]
[SourceQuality "1"]

1. d4 d5 2. c4 e6 3. Nc3 Nf6 4. Bg5 Nbd7 5. Nf3 c5 6. cxd5 cxd4 7. Qxd4 Bc5 8. Bxf6 gxf6 9. Qc4 Qc7 10. e3 Nb6 11. Qb3 Ke7 12. Rd1 exd5 13. Qxb6 Qxb6 14. Nxd5+ Ke6 15. Nxb6 axb6 16. Bc4+ Ke7 17. a3 Bd7 18. Nd4 Rad8 19. 0-0 f5 20. Rfe1 Kf6 21. g3 h5 22. h4 Rhg8 23. Kf1 Bxd4 24. Rxd4 Rg4 25. Red1 Ke7 26. Be2 Rxd4 27. Rxd4 Rh8 28. Ke1 Bc6 29. Rb4 Kf6 30. Rxb6 Kg6 31. Bf3 Rc8 32. Bxc6 bxc6 33. Rb4 c5 34. Rc4 Rb8 35. b4 cxb4 36. axb4 Kf6 37. Kd2 Ke5 38. Kc3 f6 39. Kd3 Rd8+ 40. Rd4 Ra8 41. b5 Ra2 42. Rb4 Kd5 43. b6 Ra8 44. b7 Rb8 45. Rb5+ Kc6 46. Rxf5 Kxb7 47. Rb5+ 1-0

[Event "Siracusa op 2nd"]
[Site "Siracusa"]
[Date "2007.09.04"]
[Round "3"]
[White "Salvaggio, Salvatore"]
[Black "Monica, Vincenzo"]
[Result "1-0"]
[WhiteElo "1766"]
[BlackElo "1514"]
[PlyCount "59"]
[EventDate "2007.09.02"]
[EventType "swiss"]
[EventRounds "9"]
[EventCountry "ITA"]
[SourceTitle "EXT 2010"]
[Source "ChessBase"]
[SourceDate "2010.11.25"]
[SourceVersion "1"]
[SourceVersionDate "2010.11.25"]
[SourceQuality "1"]

1. d4 d5 2. c4 e6 3. Nc3 Nf6 4. Bg5 Be7 5. Nf3 Nbd7 6. e3 c5 7. Qc2 cxd4 8. Nxd4 dxc4 9. Bxc4 Ne5 10. Be2 0-0 11. 0-0 a6 12. Rfd1 Qe8 13. Rac1 b5 14. Bf4 Ng6 15. Bg3 Bb7 16. Qb3 b4 17. Nb1 Bd5 18. Bc4 Bb7 19. f3 Nd5 20. e4 Ndf4 21. Ne2 Nxe2+ 22. Bxe2 a5 23. a4 Bg5 24. Bb5 Qe7 25. Rc7 Bd5 26. Rxd5 Qxc7 27. Bxc7 exd5 28. exd5 Rac8 29. d6 Ne5 30. Qd5 1-0

[Event "Siracusa op 2nd"]
[Site "Siracusa"]
[Date "2007.09.03"]
[Round "2"]
[White "Valguarnera, Girolamo"]
[Black "Salvaggio, Salvatore"]
[Result "1-0"]
[WhiteElo "2185"]
[BlackElo "1766"]
[PlyCount "101"]
[EventDate "2007.09.02"]
[EventType "swiss"]
[EventRounds "9"]
[EventCountry "ITA"]
[SourceTitle "EXT 2010"]
[Source "ChessBase"]
[SourceDate "2010.11.25"]
[SourceVersion "1"]
[SourceVersionDate "2010.11.25"]
[SourceQuality "1"]

1. e4 c5 2. Nf3 e6 3. d4 cxd4 4. Nxd4 Nf6 5. Nc3 d6 6. Be3 Be7 7. Bc4 0-0 8. Qe2 Nc6 9. 0-0-0 a6 10. Bb3 Na5 11. f4 Nxb3+ 12. cxb3 Qc7 13. Kb1 Re8 14. g4 e5 15. Nf5 Bxf5 16. exf5 exf4 17. Bxf4 Qc6 18. g5 Bf8 19. Qf1 Ne4 20. Nd5 Rac8 21. Qg2 Qc5 22. Be3 Qc6 23. Rhg1 Re5 24. Rc1 Qxd5 25. Rxc8 Qd3+ 26. Ka1 Qxe3 27. g6 Qh6 28. Qc2 Rc5 29. Rxc5 Nxc5 30. Qc4 hxg6 31. fxg6 Ne6 32. Qd5 Qxh2 33. Rf1 Qe5 34. gxf7+ Kh7 35. Qxb7 d5 36. Qxa6 g5 37. Qd3+ Kg7 38. Qf3 Nf4 39. a4 Kxf7 40. a5 Bg7 41. Qf2 d4 42. b4 Qb5 43. Rg1 Bf6 44. Qd2 d3 45. Rc1 Qa4+ 46. Kb1 Qb3 47. a6 Nd5 48. a7 Nc3+ 49. Rxc3 Bxc3 50. Qf2+ Bf6 51. a8Q 1-0